| 000 | 01288pam a2200325 a 4500 | ||
|---|---|---|---|
| 003 | OSt | ||
| 005 | 20240530110421.0 | ||
| 008 | 080125s2008 enkab b 001 0 eng | ||
| 020 | _a9780521839921 (cased) | ||
| 020 | _a0521839920 (cased) | ||
| 020 | _a0521549280 (pbk.) | ||
| 020 | _a9780521549288 (pbk.) | ||
| 035 | _a(OCoLC)ocn173238916 | ||
| 040 |
_aEG-CaGPL _cEG-CaGPL |
||
| 042 | _alccopycat | ||
| 043 | _ae-uk--- | ||
| 082 | 0 | 4 |
_221 _a820\ _bP E |
| 245 | 0 | 0 |
_aEnglish literature in context / _cPaul Poplawski, general editor. |
| 260 |
_aCambridge ; _aNew York : _bCambridge University Press, _c2008. |
||
| 300 |
_axx, 685 p. : _bill., maps ; _c25 cm. |
||
| 504 | _aIncludes bibliographical references and index. | ||
| 650 | 0 |
_aEnglish literature _xHistory and criticism. |
|
| 650 | 0 |
_aLiterature and history _zGreat Britain _xHistory. |
|
| 650 | 0 |
_aLiterature and society _zGreat Britain _xHistory. |
|
| 700 | 1 | _aPoplawski, Paul. | |
| 856 | 4 | 2 |
_3Contributor biographical information _uhttp://www.loc.gov/catdir/enhancements/fy0808/2008271017-b.html |
| 856 | 4 | 2 |
_3Publisher description _uhttp://www.loc.gov/catdir/enhancements/fy0808/2008271017-d.html |
| 856 | 4 | 1 |
_3Table of contents only _uhttp://www.loc.gov/catdir/enhancements/fy0808/2008271017-t.html |
| 942 |
_2ddc _cBK |
||
| 999 |
_c60651 _d60651 |
||